Name a Washington City A-Z - Statistics

General Stats
  • This quiz has been taken 9 times
  • The average score is 13 of 24
Answer Stats
Hint Answer % Correct
B Bainbridge Island, Battle Ground, Beaux Arts Village...
100%
S Sammamish, SeaTac, Seattle...
100%
T Tacoma, Tekoa, Tenino...
100%
V Vader, Vancouver
100%
Y Yacolt, Yakima, Yarrow Point...
88%
A Aberdeen, Airway Heights, Albion...
75%
R Rainier, Raymond, Reardan...
75%
W Waitsburg, Walla Walla, Wapato...
75%
L La Center, La Conner, Lacey...
63%
O Oak Harbor, Oakesdale, Oakville...
63%
P Pacific, Palouse, Pasco...
63%
E East Wenatchee, Eatonville, Edgewood...
50%
F Fairfield, Farmington, Federal Way...
50%
K Kahlotus, Kalama, Kelso...
50%
M Mabton, Malden, Mansfield...
50%
I Ilwaco, Index, Issaquah...
38%
C Camas, Carbonado, Carnation...
25%
Q Quincy
25%
U Union Gap, Uniontown, University Place
25%
D Darrington, Davenport, Dayton...
13%
G Garfield, George, Gig Harbor...
13%
H Hamilton, Harrah, Harrington...
13%
N Naches, Napavine, Nespelem...
13%
Z Zillah
13%
No matching quizzes found
Score Distribution
Percent of People with Each Score
Percentile by Number Answered
Your Score History
You have not taken this quiz